The Young Hornblower Omnibus (Record no. 9986)
[ view plain ]
| 000 -LEADER | |
|---|---|
| fixed length control field | 00433 a2200133 4500 |
| 020 ## - INTERNATIONAL STANDARD BOOK NUMBER | |
| International Standard Book Number | 0140119396 |
| 090 ## - LOCALLY ASSIGNED LC-TYPE CALL NUMBER (OCLC); LOCAL CALL NUMBER (RLIN) | |
| -- | 6153 |
| -- | 6153 |
| 100 ## - MAIN ENTRY--PERSONAL NAME | |
| Personal name | Forester, C.S. |
| 245 ## - TITLE STATEMENT | |
| Title | The Young Hornblower Omnibus |
| Statement of responsibility, etc. | C.S. Forester |
| 260 ## - PUBLICATION, DISTRIBUTION, ETC. | |
| Place of publication, distribution, etc. | Islamabad: |
| Name of publisher, distributor, etc. | PN Book Club, |
| 300 ## - PHYSICAL DESCRIPTION | |
| Extent | 633 p. |
| Dimensions | 24 cm. |
| 650 ## - SUBJECT ADDED ENTRY--TOPICAL TERM | |
| Topical term or geographic name entry element | 1.Hornblower, Horatio (Fictitious character) --Fiction.2.Great Britain --History, Naval --19th century --Fiction. |
| 942 ## - ADDED ENTRY ELEMENTS (KOHA) | |
| Koha item type | Book |
| Call number prefix | 823.912 FOR |
| Withdrawn status | Lost status | Damaged status | Not for loan | Collection code | Permanent Location | Current Location | Shelving location | Date acquired | Source of acquisition | Cost, normal purchase price | Total Checkouts | Full call number | Barcode | Date last seen | Date last checked out | Price effective from | Koha item type |
|---|---|---|---|---|---|---|---|---|---|---|---|---|---|---|---|---|---|
| Central Library (CL) | Central Library (CL) | Fiction | 12/22/2009 | Donation | 0.00 | 2 | 823.912 FOR | SEECS009871 | 06/12/2021 | 11/09/2016 | 01/05/2017 | Book |
